000
00245nam a2200097Ia 4500
082
_a
EJF DUBO
245
0
_a
Love-set-match
100
_a
DUBOWSKI, Cathy New York, 2003
_9
93991
942
_c
BK
008
210817s9999 xx 000 0 und d
999
_c
384433
_d
384432